|
|
|
|
| LEADER |
00000nam0a2200000 4500 |
| 001 |
248377 |
| 005 |
20231101232400.0 |
| 020 |
|
|
|a RU
|b 88-56944
|
| 035 |
|
|
|a (RuTPU)RU\TPU\book\270160
|
| 090 |
|
|
|a 248377
|
| 100 |
|
|
|a 20140122d1988 k a0rusy5003 ca
|
| 101 |
0 |
|
|a rus
|
| 102 |
|
|
|a RU
|
| 105 |
|
|
|a y z 100zy
|
| 200 |
1 |
|
|a Социально-экономические проблемы производственной инфраструктуры в новых условиях хозяйствования
|e всесоюзное совещание, 7 - 9 сентября 1988 г., г. Саратов
|e тезисы докладов
|f Саратовский политехнический институт (СПИ) ; ВНИИ системных исследований ; Академия наук СССР (АН СССР), Институт социально-экономических проблем ; под ред. В. Н. Лившица
|
| 210 |
|
|
|a Москва
|d 1988
|
| 215 |
|
|
|a 338 с.
|
| 606 |
1 |
|
|a Инфраструктура производственная
|y СССР
|2 stltpush
|3 (RuTPU)RU\TPU\subj\36213
|9 57673
|
| 610 |
1 |
|
|a совещания
|
| 610 |
1 |
|
|a социальные проблемы
|
| 610 |
1 |
|
|a экономические проблемы
|
| 610 |
1 |
|
|a хозяйственные отношения
|
| 610 |
1 |
|
|a рынок
|
| 610 |
1 |
|
|a хозяйственные связи
|
| 610 |
1 |
|
|a системы управления
|
| 610 |
1 |
|
|a хозяйственный механизм
|
| 610 |
1 |
|
|a моделирование процесса
|
| 610 |
1 |
|
|a прогнозирование
|
| 686 |
|
|
|a У9(2)0-43л0
|2 rubbk
|
| 702 |
|
1 |
|a Лившиц
|b В. Н.
|4 340
|
| 712 |
0 |
2 |
|a Саратовский политехнический институт (СПИ)
|c (1960-1992)
|2 stltpush
|3 (RuTPU)RU\TPU\col\283
|
| 712 |
1 |
2 |
|a Социально-экономические проблемы производственной инфраструктуры в новых условиях хозяйствования
|c совещание
|e Саратов
|f 1988
|
| 712 |
0 |
2 |
|a Академия наук СССР (АН СССР)
|b Институт социально-экономических проблем
|2 stltpush
|3 (RuTPU)RU\TPU\col\12416
|
| 801 |
|
0 |
|a RU
|b RuMRKP
|c 19950417
|g psbo
|
| 801 |
|
1 |
|a RU
|b 63413507
|c 20140122
|
| 801 |
|
2 |
|a RU
|b 63413507
|c 20140123
|g RCR
|
| 942 |
|
|
|c BK
|